000 01054nas a2200265 i 4500
001 173503
003 ES-MaACL
005 20250217134854.0
008 091203c1912 sp a| | ||pa d
022 _a1132-2780
080 _a338
080 _a334.788.2
245 0 0 _aMemoria comercial /
_cCámara Oficial de Comercio y Navegación de Barcelona.
260 _aBarcelona :
_bCamara de Comercio y Navegación,
_c1912- (
_fHenrich y Cia.)
300 _a96 v. ;
_c27 cm.
310 _aAnual
515 _aLos años 1928-1935 y 1949-1962 publicados en 2 vol.
550 _aDesde 1929 el nombre de la entidad es: Cámara Oficial de Comercio y Navegación de Barcelona.
651 4 _aCataluña-
_xSituación económica.
_9150813
710 2 _aCámara Oficial de Comercio, Industria y Navegación de Barcelona.
_92390
785 0 0 _tMemoria sobre el estado de los negocios y el movimiento comercial de Cataluña
852 _aES-MaACL
_jHEM-D-175
_xHem-1155
_d
866 0 _o1912-35, 1939-49, (1950) 1951-52, 1954-66.
999 _c173503
_d173503